Spectral shaping of control signals in mechatronic systems = Tvarovanie spektra riadiacich signálov mechatronických systémov : Diplomová práca

Na minha lista:
Detalhes bibliográficos
Autor principal: Haffadh, Moeen (Author)
Formato: Manuscrito Livro
Idioma:inglês
Publicado em: Bratislava : STU v Bratislave FEI, 2000
Assuntos:
Tags: Adicionar Tag
Sem tags, seja o primeiro a adicionar uma tag!

MARC

LEADER 00000ntm a22000003a 4500
001 stu54867
005 20160719164846.2
008 000824s2000----xo------------------eng-d
040 |a STU  |b slo 
041 0 |a eng 
044 |a xo 
100 1 |a Haffadh, Moeen  |4 aut 
245 1 |a Spectral shaping of control signals in mechatronic systems = Tvarovanie spektra riadiacich signálov mechatronických systémov :  |b Diplomová práca 
260 |a Bratislava :  |b STU v Bratislave FEI,  |c 2000 
300 |a 84 s 
650 7 |a automatizácia  |2 stusub